000 00695 a2200169 4500
003 Nust
005 20221221112843.0
040 _cNust
082 _a181.07, NAS
100 _aNasr,Seyyed Hossein
_9181
245 _aIdeals and Realities of Islam
_bRealities of Islam
_cSeyyed Hossein Nasr
260 _aLondon
_bGeorge Allen & Unwin LTD
_c1978
300 _a183 p.;
505 _aIntroduction (Page-7), Islam, The Last Verligion and the Primordial Religion (Page-15), The Quran (Page-41), The Prophet and Prohetic Tradition (Page-67), The Shariah (Page-94), The Tariqah,The Spiritual Path and its Quranic Roots (Page-121), Sunnismand Shi ism (page-147).
650 _aIslam
942 _2ddc
_cBK
999 _c196050
_d196050